Central Library OPAC University of Rajshahi

Modern art and modernism : (Record no. 62088)

MARC details
000 -LEADER
fixed length control field 00961nam a2200277 a 4500
001 - CONTROL NUMBER
control field 62088
003 - CONTROL NUMBER IDENTIFIER
rucl marc code BD-RjUL
005 - DATE AND TIME OF LATEST TRANSACTION
control field 20211209081037.0
008 - FIXED-LENGTH DATA ELEMENTS--GENERAL INFORMATION
fixed length control field 170122s1982 enkaf b 001 0 eng d
020 ## - INTERNATIONAL STANDARD BOOK NUMBER
International Standard Book Number 0064332152 :
Terms of availability $20.00
035 ## - SYSTEM CONTROL NUMBER
System control number (BD-RjUL)62213
040 ## - CATALOGING SOURCE
Original cataloging agency BD-RjUL
Transcribing agency BD-RjUL
Modifying agency BD-RjUL
Language of cataloging eng
041 ## - LANGUAGE CODE
Language code of text/sound track or separate title eng
082 00 - DEWEY DECIMAL CLASSIFICATION NUMBER
Classification number 709.04
Edition number 23
Author mark and year MOD 1982
245 00 - TITLE STATEMENT
Title Modern art and modernism :
Remainder of title a critical anthology /
Statement of responsibility, etc. edited by Francis Frascina and Charles Harrison ; with the assistance of Deirdre Paul.
260 ## - PUBLICATION, DISTRIBUTION, ETC. (IMPRINT)
Place of publication, distribution, etc. New York :
Name of publisher, distributor, etc. Harper & Row,
Date of publication, distribution, etc. [1982]
300 ## - PHYSICAL DESCRIPTION
Pagination 312 p. :
Illustrations ill. ;
Size 24 cm.
504 ## - BIBLIOGRAPHY, ETC. NOTE
Bibliography, etc Includes bibliographical references and indexes.
650 #0 - SUBJECT ADDED ENTRY--TOPICAL TERM
Topical term or geographic name as entry element Art, Modern
Chronological subdivision 19th century.
9 (RLIN) 184706
Topical term or geographic name as entry element Art, Modern
Chronological subdivision 20th century.
9 (RLIN) 184707
Topical term or geographic name as entry element Modernism (Art)
9 (RLIN) 184708
700 1# - ADDED ENTRY--PERSONAL NAME
Personal name Frascina, Francis.
Personal name Harrison, Charles,
Dates associated with a name 1942-2009.
Personal name Paul, Deirdre.
942 ## - ADDED ENTRY ELEMENTS (KOHA)
Source of classification or shelving scheme Dewey Decimal Classification
Koha item type Books
Holdings
Lost status Source of classification or shelving scheme Damaged status Not for loan Collection code Permanent Location Current Location Shelving location Date acquired Source of acquisition Cost, normal purchase price Total Checkouts Full call number Date last seen Copy number Koha item type
  Dewey Decimal Classification   Not For Loan Non-fiction Central Library, University of Rajshahi Central Library, University of Rajshahi Reading Room 06/06/2007 Dhaka, Paragon Enterprises 12.99   709.04 MOD 1982 22/01/2017 C-1 Books